000 00806nam a2200313Ia 4500
008 170203s9999 xx 000 0 und d
020 _a0-307133249
050 _aFic
050 _b.D612 1999
100 _aSuben, Eric
245 _aTarzan /
245 _cadapted by Eric Suben ; illustrated by Kim Raymond ; painted by Philippe Harchy.
260 _aNew York :
260 _bGolden Books Publishing Company, Inc.
260 _c1999
300 _a1 v. (unpaged) :
300 _bcol. ill. ;
300 _c21 cm.
650 _aAfrica--
650 _aApes--
650 _aElephants--
650 _aPeer pressure--
650 _aTarzan (Fictitious character)--
650 _xFiction.
650 _xFiction.
650 _xFiction.
650 _xFiction.
650 _xFiction.
999 _c306047
_d306047